II Encuentro de Mujeres en Escena ... margaritas ... : del 2 al 5 y del 9 al 12 de octubre del 2002 del 2 al 5 y del 9 al 12 de octubre del 2002
Descripción Física:
19 p. : il. ; 21 cm
Materias:
Teatre Can Felipa -- Programes
MARC
| LEADER | 00000nam a2200000Ia 4500 | ||
|---|---|---|---|
| 001 | 14999 | ||
| 003 | BGR | ||
| 005 | 20260324175616.0 | ||
| 008 | 160829s2002 xx 000 0 cat d | ||
| 080 | |a FU-33-3 | ||
| 111 | |a Encuentro de Mujeres en Escena |9 70756 |c (Barcelona : |d 2002) | ||
| 245 | |a II Encuentro de Mujeres en Escena ... margaritas ... : |b del 2 al 5 y del 9 al 12 de octubre del 2002 | ||
| 260 | |a Barcelona : |b Asociación Cultural Palo Q'Sea, |c 2002 | ||
| 300 | |a 19 p. : |b il. ; |c 21 cm | ||
| 590 | |a A la contraportada: Centre Cívic Can Felipa i altres entitats. | ||
| 590 | |a Conté la programació dels diferents espectacles organitzats en motiu del 'Encuentro de Mujeres en Escena' | ||
| 650 | |a Teatre Can Felipa |x Programes |9 35011 | ||
| 710 | 2 | |a Asociación Cultural Palo Q'Sea |9 70463 | |
| 710 | 1 | |a Centre Cívic Can Felipa |9 70464 | |
| 901 | |a Arxiu | ||
| 942 | |n 1 |2 udc |c MON | ||
| 952 | |0 0 |1 0 |4 0 |6 FU333 |7 1 |9 46730 |a Arxiu |b Arxiu |d 2016-12-01 |l 0 |o FU-33-3 |p 14999 |r 2016-12-01 00:00:00 |w 2016-12-01 |y ARXIU | ||
| 999 | |c 50523 |d 50523 | ||